Che Guevara Una vita rivoluzionaria

Guardat en:
Dades bibliogràfiques
Autor principal: Jon Lee Anderson
Format: Llibre
Idioma:idioma desconegut
Publicat: La Biblioteca La Republica
Etiquetes: Afegir etiqueta
Sense etiquetes, Sigues el primer a etiquetar aquest registre!

MARC

LEADER 00000nam a2200000Ia 4500
001 R-1696
003 CODICE-MESSINA
005 20260212102511.0
008 260211s9999 xx 000 0 und d
040 |c importazione_messina 
100 |a Jon Lee Anderson 
245 0 |a Che Guevara 
245 0 |b Una vita rivoluzionaria 
260 |b La Biblioteca La Republica 
942 |2 ddc  |c BK 
952 |0 0  |1 0  |2 ddc  |4 0  |6 SCAFFALE_17_000000000000000__STANZA_2__GIORNALISMO  |7 0  |9 32537  |a ME  |b ME  |d 2026-02-11  |l 0  |o SCAFFALE 17 - STANZA 2 - GIORNALISMO  |p R-1696  |r 2026-02-11 23:53:15  |w 2026-02-11  |x [REVISIONARE]  |y BK 
999 |c 28204  |d 28204